Länder, die bei der PDC Darts WM 2025 vertreten sind - Statistiken

Allgemein
  • Dieses Quiz wurde 408 mal gespielt
  • Das Durchschnittsergebnis liegt bei 22 aus 28
Antwortstatistiken
Anzahl Land % Korrekt
6 Deutschland
100%
26 England
99%
16 Niederlande
97%
6 Wales
95%
4 Schottland
94%
3 Belgien
91%
3 Irland
91%
1 Österreich
90%
2 USA
90%
1 Schweiz
87%
1 Frankreich
85%
1 China
84%
4 Nordirland
84%
1 Polen
84%
1 Schweden
84%
3 Australien
83%
2 Kanada
83%
2 Japan
82%
1 Tschechien
72%
1 Kroatien
70%
4 Philippinen
69%
1 Neuseeland
68%
1 Südafrika
63%
1 Lettland
61%
1 Litauen
61%
1 Indien
58%
1 Bahamas
51%
1 Hongkong
41%
Keine übereinstimmenden Quizze gefunden
Verteilung der Resultate
Anzahl Personen mit jedem Resultat
Perzentil nach korrekt beantworteten Fragen
Ihre Resultats-Entwicklung
Sie haben dieses Quiz noch nicht gespielt